01421nam a2200241Ia 4500001000600000003000900006008004100015040001300056040001300069041001300082100002100095100002900116245008300145245008300228250001100311260000900322260000800331260004900339300005700388500068200445650002101127650003101148A8068IT-RoPAU130308s9999 xx 000 0 und d aIT-RoPAU cIT-RoPAU aITALIANO aValentini Donato gCodice Aut. SPICS: 36350 aNuovo popolo di Dio in cammino (Il)-Punti nodali per una ecclesiologia attuale bNuovo Popolo di Dio in Cammino (Il)-Punti Nodali per una Ecclesiologia Attuale a1a ed. aROMA bLas c1984 [1° Ed.:1984 - Ed.Ling.Originale:1984] a"196 p. (prefazione: no ; testo: 196 [pagine: 0-0])" a"Cuore della Missione: Evangelizzare. interrogativi Sull'Evangelizzazione. Soggetto dell'Evangelizzazione. Evangelizzazione e Sacramenti. Lieta e buona Notizia. Destinatari. Novità della ""Evangelii Nuntiandi"" di Paolo Vi. Chiesa Particolare e Azione Dello Spirito Santo. Vangelo e Cultura: impegno di Ogni Chiesa Locale. Messaggio dei Segni dei Tempi. Quattro Criteri di Ecclesialita': Orizzonti della Chiesa, soggetti che fanno la Chiesa, Modi Esistenziali della Chiesa, una Chiesa a Servizio dell'Uomo. Papato e Dialoghi Ecumenici Ufficiali. bilancio dei Dialoghi. breve Riflessione per un Profiloteologico del Vescovo. Servizio del Magistero della Chiesa. Bibliografia." aTEORIA PASTORALE eCodice materia Spics: 9301